Now that you're out : the challenges and joys of living as a gay man /
Saved in:
| Main Author: | |
|---|---|
| Format: | Book |
| Language: | English |
| Published: |
Santa Barbara, Calif. :
Praeger,
c2011.
|
| Subjects: | |
| Tags: |
Add Tag
No Tags, Be the first to tag this record!
|
| LEADER | 01214cam a22002774a 4500 | ||
|---|---|---|---|
| 001 | 012995295-8 | ||
| 005 | 20111104120701.0 | ||
| 008 | 110113s2011 cau b 001 0 eng | ||
| 010 | |a 2011001697 | ||
| 020 | |a 9780313387517 (hard copy : alk. paper) | ||
| 020 | |a 9780313387524 (e-book) | ||
| 040 | |a DLC |c DLC |d DLC | ||
| 050 | 0 | 0 | |a HQ76 |b .K347 2011 |
| 082 | 0 | 0 | |a 306.76/62 |2 22 |
| 100 | 1 | |a Kantor, Martin. | |
| 245 | 1 | 0 | |a Now that you're out : |b the challenges and joys of living as a gay man / |c Martin Kantor. |
| 260 | |a Santa Barbara, Calif. : |b Praeger, |c c2011. | ||
| 300 | |a xviii, 225 p. ; |c 25 cm. | ||
| 504 | |a Includes bibliographical references (p. [215]-218) and index. | ||
| 505 | 0 | |a Gay life -- Coming out -- Lifestyle -- Relationships -- Sex and sexuality -- The paraphilias -- Identity/identity disorder -- Midlife and beyond: aging and ageism -- You and your parents -- Overcoming emotional problems -- Dsm-iv emotional disorder in gay men -- Substance abuse -- Shame, guilt, and low self-esteem -- Suicide -- Therapy -- Getting professional help. | |
| 650 | 0 | |a Gay men. | |
| 650 | 0 | |a Gay men |x Psychology. | |
| 650 | 0 | |a Male homosexuality. | |
| 899 | |a 415_565232 | ||
| 988 | |a 20111207 | ||
| 906 | |0 DLC | ||


